Derecho mercantil (Registro nro. 85336)

Detalles MARC
000 -ENCABEZADO
Número de control [NR] 00660nam a22001937a 4500
008 - DE LONGITUD FIJA DE DATOS DE ELEMENTOS - INFORMACIÓN GENERAL
Elementos de longitud fija [NR] 130821s1940 ag gr spa
040 ## - FUENTE DE CATALOGACION [NR]
Agencia de catalogación original [NR] Co-BoUCM
Idioma de catalogación [NR] spa
041 00 - CODIGO DE IDIOMA [R]
Código de idioma para texto/pista de sonido o título separado [R] Español
092 ## - SIGNATURA TOPOGRAFICA LOCAL
Número de clasificación local FRA 000098
100 ## - ASIENTO PRINCIPAL--NOMBRE PERSONAL [NR]
Nombre personal [NR] Mossa, Lorenzo
ID Autoridad 170751
245 00 - MENCION DE TITULO [NR]
Título [NR] Derecho mercantil
Mención de responsabilidad, etc. [NR] Lorenzo Mossa, traducción de Felipe de J. Tena
260 ## - PUBLICACION, DISTRIBUCION, ETC. (PIE DE IMPRENTA) [R]
Lugar de publicación, distribución, etc. [R] Buenos Aires (Argentina)
Nombre del editor, distribuidor, etc. [R] Uteha
Fecha de publicación, distribución, etc. [R] 1940
300 ## - DESCRIPCION FISICA [R]
Extensión [R] xii, 379 páginas
500 ## - NOTA GENERAL [R]
Nota general [NR] Incluye bibliografía e índice. -- Este libro se encuentra en el depósito de la biblioteca
650 04 - ASIENTO SECUNDARIO DE MATERIA - TERMINO TEMATICO [R]
Término temático o nombre geográfico como elemento de entrada [NR] Derecho comercial
9 (RLIN) 12717
650 04 - ASIENTO SECUNDARIO DE MATERIA - TERMINO TEMATICO [R]
Término temático o nombre geográfico como elemento de entrada [NR] Derecho comercial
Subdivisión geográfica [R] Italia
9 (RLIN) 104181
651 ## - ASIENTO SECUNDARIO DE MATERIA - NOMBRE GEOGRAFICO [R]
Nombre geográfico [NR] Italia
9 (RLIN) 26640
942 ## - ELEMENTOS DE ENTRADA AGREGADOS (KOHA)
Tipo de ítem principal el descrito en 300a Libro
Tema principal [No clasificado]
Edición 1
Título oculto en OPAC No
Existencias
Signatura topográfica Código de barras Última vez visto Volúmen / Fascículo Ejemplar Price effective from Tipo de ítem Nota pública (OPAC) Perdido Sistema de clasificación Dañado No prestable Tipo de ítem específico Suprimido Ubicación habitual Ubicación actual Localización Fecha de creación Forma de adquisición Costo
~ 120055234 04/12/2025 FRA 000098 Ej.1 03/02/2013 Libro Galería de donantes   LOCAL     Fondos especiales   Claustro Claustro Procesos Técnicos 28/02/2003 Donación 10000.00